[Event "Ciudad Guayana Morales Memorial U1900"]
[Site "Ciudad Guayana"]
[Date "2016.04.15"]
[Round "7"]
[White "Gonzalez Herrera, Lenin Jose"]
[Black "Arcia Fernandez, Jorge Del Valle"]
[Result "1/2-1/2"]
[WhiteElo "1640"]
[BlackElo "1807"]
[PlyCount "132"]
[EventDate "2016.04.15"]
[EventType "swiss"]
[EventRounds "7"]
[EventCountry "VEN"]
[SourceTitle "EXT 2022"]
[Source "ChessBase"]
[SourceDate "2021.10.06"]
[SourceVersion "1"]
[SourceVersionDate "2021.10.06"]
[SourceQuality "1"]

1. d4 e6 2. c4 d5 3. Nf3 c5 4. cxd5 cxd4 5. Qa4+ Qd7 6. Qxd7+ Bxd7 7. dxe6 Bxe6 8. Nxd4 Bd5 9. Nb5 Na6 10. Bf4 Bb4+ 11. Nd2 Nf6 12. a3 Be7 13. Nd6+ Kd7 14. Nf5 Bf8 15. e3 Nc7 16. Rc1 Bc6 17. Be2 g6 18. Nd4 Nfd5 19. Nxc6 bxc6 20. Bf3 Bg7 21. Nc4 Ne6 22. Ne5+ Ke8 23. Bg3 Ne7 24. Rc2 Rc8 25. 0-0 c5 26. Nc4 Nf5 27. Be5 Bxe5 28. Nxe5 Kf8 29. Rd1 Rc7 30. Rd7 Rxd7 31. Nxd7+ Kg7 32. Nxc5 Ng5 33. Bg4 Rd8 34. g3 Ne7 35. h4 h5 36. Be2 Nh7 37. Ne4 Rd7 38. Bc4 f6 39. Rd2 Rb7 40. b3 Nf8 41. Rd6 Nd7 42. b4 Ne5 43. Ba6 Rc7 44. Nc5 Nf5 45. Ne6+ Kf7 46. Nxc7 Nxd6 47. Nb5 Nxb5 48. Bxb5 Ke7 49. Kf1 Nf7 50. Ke2 Nd6 51. Bd3 g5 52. a4 Ke6 53. b5 Kd5 54. e4+ Nxe4 55. Bxe4+ Kxe4 56. a5 Kd5 57. b6 axb6 58. axb6 Kc6 59. b7 Kxb7 60. Kd3 gxh4 61. gxh4 Kc6 62. Ke4 Kd6 63. Kf5 Ke7 64. f3 Kf7 65. f4 Ke7 66. Ke4 Ke6 1/2-1/2

[Event "Ciudad Guayana Morales Memorial U1900"]
[Site "Ciudad Guayana"]
[Date "2016.04.15"]
[Round "4"]
[White "Narvaez, Ibrahin Jose"]
[Black "Arcia Fernandez, Jorge Del Valle"]
[Result "1-0"]
[WhiteElo "1867"]
[BlackElo "1807"]
[PlyCount "99"]
[EventDate "2016.04.15"]
[EventType "swiss"]
[EventRounds "7"]
[EventCountry "VEN"]
[SourceTitle "EXT 2022"]
[Source "ChessBase"]
[SourceDate "2021.10.06"]
[SourceVersion "1"]
[SourceVersionDate "2021.10.06"]
[SourceQuality "1"]

1. d4 e6 2. Nf3 d5 3. Bf4 c5 4. c3 Qb6 5. Qc2 Nc6 6. e3 Nf6 7. Be2 h6 8. 0-0 Be7 9. Nbd2 0-0 10. dxc5 Bxc5 11. Nb3 Nh5 12. Nxc5 Nxf4 13. Nd3 Ng6 14. Nf4 Nxf4 15. exf4 Bd7 16. Rfd1 Rac8 17. Qd2 Rfd8 18. Bd3 Be8 19. Bc2 Qc7 20. f5 Qe7 21. fxe6 Qxe6 22. Re1 Qf6 23. Qd3 g6 24. Qd2 Kg7 25. Re3 d4 26. cxd4 Nxd4 27. Nxd4 Rxd4 28. Qe2 Bc6 29. Re1 Rcd8 30. Rh3 Rd2 31. Qe3 Qg5 32. Qc3+ Qf6 33. Qe3 h5 34. Bb3 Rxb2 35. f3 Re8 36. Qc1 Ree2 37. Rg3 h4 38. Rxe2 Rxe2 39. Rg4 h3 40. Rf4 Rxg2+ 41. Kh1 Rg1+ 42. Kxg1 Qg5+ 43. Kf2 Qg2+ 44. Ke3 Qg5 45. Qc3+ Kh7 46. Qf6 Qg1+ 47. Kd2 Qf2+ 48. Kc1 Qe1+ 49. Kb2 Qd2+ 50. Bc2 1-0

[Event "Guayana Aniversario UNEG U2200 34th"]
[Site "Guayana"]
[Date "2016.04.01"]
[Round "3"]
[White "Arcia Fernandez, Jorge Del Valle"]
[Black "Martinez Rodriguez, Julian Del V"]
[Result "1/2-1/2"]
[WhiteElo "1753"]
[BlackElo "1631"]
[PlyCount "138"]
[EventDate "2016.03.31"]
[EventType "swiss"]
[EventRounds "6"]
[EventCountry "VEN"]
[SourceTitle "EXT 2022"]
[Source "ChessBase"]
[SourceDate "2021.10.06"]
[SourceVersion "1"]
[SourceVersionDate "2021.10.06"]
[SourceQuality "1"]

1. d4 Nf6 2. Bg5 e6 3. e4 h6 4. Bxf6 Qxf6 5. e5 Qd8 6. Nf3 c5 7. c3 d5 8. Bd3 Nc6 9. Nbd2 Qb6 10. Qb3 Qxb3 11. axb3 cxd4 12. cxd4 a6 13. 0-0 Bd7 14. Rfc1 Bb4 15. Rc2 0-0 16. Kf1 Ba5 17. Rxc6 Bxc6 18. Rxa5 Rfc8 19. Rc5 Bd7 20. b4 Rc6 21. Nb3 Rb6 22. Rc3 Rxb4 23. Ke2 Ba4 24. Nfd2 Be8 25. Rc7 a5 26. Rc2 g6 27. Ke3 a4 28. Nc5 Kg7 29. f4 a3 30. bxa3 Rxa3 31. Ke2 b6 32. Nb7 Rxd4 33. Nd6 Ra8 34. Ke3 Rb4 35. g4 Ba4 36. Rc7 Rf8 37. h3 Rb2 38. f5 gxf5 39. gxf5 Kg8 40. fxe6 fxe6 41. Bg6 d4+ 42. Ke2 Bb5+ 43. Ke1 Ba4 44. Bf7+ Kh8 45. Bxe6 Bc2 46. Rc8 Rxc8 47. Bxc8 Bd3 48. e6 Kg8 49. e7 Bg6 50. Be6+ Kg7 51. Bg4 Ra2 52. N2c4 Ra7 53. Nc8 Rc7 54. N4xb6 Be8 55. Kd2 Rc3 56. Be6 Rc6 57. Bg4 Rc3 58. Nd6 Bg6 59. h4 Re3 60. Nd5 Re5 61. h5 Bf7 62. Nxf7 Kxf7 63. Bd7 Rxe7 64. Nxe7 Kxe7 65. Bf5 Kf6 66. Bg4 Kg5 67. Be2 Kf4 68. Kd3 Ke5 69. Bd1 Kf6 1/2-1/2

[Event "Guayana Aniversario UNEG U2200 34th"]
[Site "Guayana"]
[Date "2016.04.01"]
[Round "4"]
[White "Gomez Davis, Darby Albert"]
[Black "Arcia Fernandez, Jorge Del Valle"]
[Result "1/2-1/2"]
[WhiteElo "1957"]
[BlackElo "1753"]
[PlyCount "75"]
[EventDate "2016.03.31"]
[EventType "swiss"]
[EventRounds "6"]
[EventCountry "VEN"]
[SourceTitle "EXT 2022"]
[Source "ChessBase"]
[SourceDate "2021.10.06"]
[SourceVersion "1"]
[SourceVersionDate "2021.10.06"]
[SourceQuality "1"]

1. d4 d5 2. Nc3 e6 3. e4 Bb4 4. e5 c5 5. a3 Bxc3+ 6. bxc3 c4 7. Qg4 g6 8. Ne2 Bd7 9. g3 h5 10. Qf3 Nc6 11. a4 Nge7 12. Bh3 Nf5 13. Bxf5 gxf5 14. h4 f6 15. exf6 Qxf6 16. Bg5 Qf7 17. Nf4 Ne7 18. 0-0 Ng6 19. Ng2 Ne7 20. Rfe1 Kf8 21. a5 Ng6 22. Ne3 Kg7 23. a6 b6 24. Qg2 Rae8 25. f4 Qf8 26. Qf3 Qd6 27. Re2 b5 28. Ng2 Rb8 29. Ne3 Rb6 30. Rae1 Kf7 31. Nxf5 exf5 32. Re7+ Nxe7 33. Rxe7+ Qxe7 34. Bxe7 Kxe7 35. Qxd5 Rhh6 36. Qc5+ Kd8 37. Qf8+ Kc7 38. Qc5+ 1/2-1/2